LDR 00783naa#a2200205#i#450# 001 EN\\bibl\117976 005 20260605031246.5 011 ## _a2500-4026 100 ## _a20251230b2025####ek#y0engy0150####ca 101 0# _aRUS 102 ## _aRU 200 1# _aWARMING OF THE THERMAL REGIME IN GREENLAND AND INCREASED FIRE HAZARD DUE TO WEATHER CONDITIONS IN THE FOREST AND ARCTIC ZONES OF EUROPEAN RUSSIA _eJournal article 210 1# _aZheleznogorsk _cFSBEE HE Siberian Fire and Rescue Academy EMERCOM of Russia _d2025 215 ## _a22 с. 608 ## _aJournal article _2local 675 ## _aПожары в природных условиях и борьба с ними. 614.841.42 _zRUS 700 #1 _aKHoloptsev _gA V 700 #1 _aSHubkin _gR G 700 #1 _aSimonenko _gA S 856 4# _aapbt-sibpsa.editorum.ru _u